00819cam a2200241 a 450000100100000000500170001000800410002702000150006804000250008308200180010810000400012624500430016626000560020930000210026549000210028658600340030765000300034165000310037183000270040204900090042995201220043899900170056000002500420200930023513.0901219s1993 sp a 000 e spa d a8433913700 aDO-SdBNPbspacBNPHU a864.64bP986v1 aPuértolas, Soledad,d1947-92193313aLa vida oculta /cSoledad Puértolas. aBarcelona, (España) :bEditorial Anagrama,c1993. a297 p. ;c22 cm.1 aArgumentos,v140 aXXI premio Anagrama de Ensayo 4aEnsayos españoles93095 4aLiteratura española9632 0aArgumentos,v14098962 aBNGR 001054708MOaGRbGRcCTd2011-02-08iLF1l0o864.64 P986vp25004-10r2020-06-25w2020-06-25y4ZPréstamo en sala c24497d24497